000
00321nam a22000977a 4500
100
_a
गर्ग,राकी
_9
79536
245
_a
तुलसीदास
260
_a
नई दिल्ली
_b
भारतीय ज्ञानपीठ
_c
2017
650
_a
चिल्ड्रन बुक
_9
159
942
_c
HIN
999
_c
63180
_d
63180